Whose mentor? Leader edition - Statistics

General Stats
  • This quiz has been taken 6 times
  • The average score is 8 of 19
Answer Stats
Characters Mentor % Correct
Firestar Bluestar
100%
Squirrelstar Dustpelt
100%
Brambleclaw Firestar
100%
TigerstarTpb Thistleclaw
100%
Tallstar Dawnstripe
50%
Onestar Deadfoot
50%
Rowanclaw Jaggedtooth
50%
Brokenstar Nightstar
50%
TigerstarAvos Oakfur
50%
Bluestar Stonepelt
50%
Leopardstar Whitefang
50%
Raggedstar Brackenfoot
0%
Crookedstar Cedarpelt
0%
Mistystar Echomist
0%
Nightstar Foxheart
0%
Pinestar Mistpelt
0%
Splashtail Softpelt
0%
Gale rise Squirrelbrush
0%
Harestar Tornear
0%
No matching quizzes found
Score Distribution
Percent of People with Each Score
Percentile by Number Answered
Your Score History
You have not taken this quiz